000 00310nam a22001337a 4500
008 170214b xxu||||| |||| 00| 0 eng d
020 _a0721631541
041 _aeng
080 _227TH
_a61
100 _a4
101 _aSHM
245 _aDORLAND'S ILLUSTRATED MEDICAL DICTIONARY
_cTAYLOR, E.J
942 _2udc
_cBK
999 _c5377
_d5377